<?xml version="1.0" encoding="UTF-8"?>
<record
    xmlns:xsi="http://www.w3.org/2001/XMLSchema-instance"
    xsi:schemaLocation="http://www.loc.gov/MARC21/slim http://www.loc.gov/standards/marcxml/schema/MARC21slim.xsd"
    xmlns="http://www.loc.gov/MARC21/slim">

  <leader>03633nam a2200325 a 4500</leader>
  <controlfield tag="003">OSt</controlfield>
  <controlfield tag="005">20250603114514.0</controlfield>
  <controlfield tag="007">cr ||||||a|c|a</controlfield>
  <controlfield tag="008">250227s2025    mx a|||fom||| 001 0 spa d</controlfield>
  <datafield tag="040" ind1=" " ind2=" ">
    <subfield code="e">rda</subfield>
  </datafield>
  <datafield tag="100" ind1="1" ind2=" ">
    <subfield code="a">Larios Huidobro, Mario Alberto</subfield>
    <subfield code="9">190215</subfield>
  </datafield>
  <datafield tag="245" ind1="1" ind2="0">
    <subfield code="a">Calidad, acumulaci&#xF3;n curvas de crecimiento de gramineas forrajeras bajo dos condiciones clim&#xE1;ticas en el Estado de Hidalgo /</subfield>
    <subfield code="c">por Mario Alberto Larios Huidobro; director de tesis Enrique Cort&#xE9;s D&#xED;az; secretario Ces&#xE1;r Cortez Romero; vocal Pedro Arturo Mart&#xED;nez Hern&#xE1;ndez; suplente Jos&#xE9; Luis Zaragoza Ram&#xED;rez; suplente Melit&#xF3;n Cordoba &#xC1;lvarez.</subfield>
  </datafield>
  <datafield tag="264" ind1=" " ind2="1">
    <subfield code="a">Chapingo, M&#xE9;xico :</subfield>
    <subfield code="b">El autor,</subfield>
    <subfield code="c">2025.</subfield>
  </datafield>
  <datafield tag="300" ind1=" " ind2=" ">
    <subfield code="a">1 recurso en l&#xED;nea (110 p&#xE1;ginas):</subfield>
    <subfield code="b">cuadros, figuras.</subfield>
  </datafield>
  <datafield tag="336" ind1=" " ind2=" ">
    <subfield code="2">rdacontent</subfield>
    <subfield code="a">texto</subfield>
    <subfield code="b">txt</subfield>
  </datafield>
  <datafield tag="337" ind1=" " ind2=" ">
    <subfield code="2">rdamedia</subfield>
    <subfield code="a">computadora</subfield>
    <subfield code="b">c</subfield>
  </datafield>
  <datafield tag="338" ind1=" " ind2=" ">
    <subfield code="2">rdacarrier</subfield>
    <subfield code="a">recurso en l&#xED;nea</subfield>
    <subfield code="b">cr</subfield>
  </datafield>
  <datafield tag="502" ind1=" " ind2=" ">
    <subfield code="b">IAEZ</subfield>
    <subfield code="c">Zootecn&#xED;a</subfield>
    <subfield code="d">2025.</subfield>
    <subfield code="g">LIC</subfield>
  </datafield>
  <datafield tag="504" ind1=" " ind2=" ">
    <subfield code="a">Incluye referencias bibliogr&#xE1;ficas: p&#xE1;ginas 81-91.</subfield>
  </datafield>
  <datafield tag="520" ind1=" " ind2=" ">
    <subfield code="a">En las regiones tropicales de M&#xE9;xico, la producci&#xF3;n de rumiantes se basa principalmente en el pastoreo de gram&#xED;neas nativas e introducidas; sin embargo, el manejo de praderas y las condiciones clim&#xE1;ticas y ambientales inciden directamente en la calidad y crecimiento de dichas gram&#xED;neas. Se evalu&#xF3; la calidad y el crecimiento de gram&#xED;neas introducidas en dos condiciones clim&#xE1;ticas con altitudes distintas en el municipio de Molango, Hidalgo. Se muestrearon las gram&#xED;neas: maralfalfa (Pennisetum violaceum), taiw&#xE1;n (Pennisetum purpureum), estrella de &#xE1;frica (Cynodon plectostachyus), mulato II (Urochloa brizantha h&#xED;brido cv. Mulato II), mombasa (Megathyrsus maximus cv. Mombasa), camello blend (Urochloa brizantha h&#xED;brido) y mestizo blend (Urochloa brizantha h&#xED;brido). El muestreo de puntos fijos que fueron seleccionados al azar con un cuadro de 0.50 x 0.50 m por cada especie forrajera estudiada, con muestreos cada cuatro semanas. Se realizaron an&#xE1;lisis bromatol&#xF3;gicos correspondientes a Prote&#xED;na Cruda (PC), Fibra Detergente Neutra (FDN) y Fibra Detergente &#xC1;cida (FDA); producci&#xF3;n de Materia Seca (MS) y observaciones detalladas del crecimiento a lo largo del a&#xF1;o con sus respectivas variables clim&#xE1;ticas. El an&#xE1;lisis comparativo entre las dos condiciones clim&#xE1;ticas con diferente altitud permiti&#xF3; identificar variaciones en la calidad, acumulaci&#xF3;n y patrones de crecimiento de las gram&#xED;neas estudiadas. La acumulaci&#xF3;n anual por especie fue diferente (p&lt;0.05) siendo mombasa el pasto con mayor producci&#xF3;n (30.286 &#xB1; 1.206 t MS ha-1 a&#xF1;o-1). El % de PC vari&#xF3; significativamente (p&lt;0.05) por especie, el pasto estrella de &#xE1;frica (sitio 1) present&#xF3; un valor mayor con 11.46 &#xB1; 0.55%, mientras que, por &#xE9;poca, diciembre (sitio 2) con 12.8 &#xB1; 0.5%. La tasa de crecimiento (sitio 1) no present&#xF3; diferencias (p&gt;0.05). FDN y FDA fueron mayores en pasto estrella (p&lt;0.05; 77.34 &#xB1; 0.6 y 41.86 &#xB1; 0.8 %; sitio 2) y menores en mulato II (62.65 &#xB1; 1.3 y 31.97 &#xB1; 0.9%; sitio 1).</subfield>
  </datafield>
  <datafield tag="650" ind1=" " ind2="4">
    <subfield code="a">Gram&#xED;neas forrajeras</subfield>
    <subfield code="x">Valor nutritivo</subfield>
    <subfield code="9">189292</subfield>
  </datafield>
  <datafield tag="650" ind1=" " ind2="4">
    <subfield code="a">Gramineas forrajeras</subfield>
    <subfield code="x">Efecto del medio ambiente</subfield>
    <subfield code="9">190216</subfield>
  </datafield>
  <datafield tag="700" ind1="1" ind2=" ">
    <subfield code="a">Cort&#xE9;s D&#xED;az, Enrique</subfield>
    <subfield code="9">28347</subfield>
    <subfield code="e">director de tesis.</subfield>
  </datafield>
  <datafield tag="700" ind1="1" ind2=" ">
    <subfield code="a">Cortez Romero, C&#xE9;sar</subfield>
    <subfield code="9">28305</subfield>
    <subfield code="e">secretario.</subfield>
  </datafield>
  <datafield tag="700" ind1="1" ind2=" ">
    <subfield code="a">Mart&#xED;nez Hern&#xE1;ndez, Pedro Arturo</subfield>
    <subfield code="9">72165</subfield>
    <subfield code="e">vocal.</subfield>
  </datafield>
  <datafield tag="700" ind1="1" ind2=" ">
    <subfield code="a">Zaragoza Ram&#xED;rez, Jos&#xE9; Luis</subfield>
    <subfield code="9">123684</subfield>
    <subfield code="e">suplente.</subfield>
  </datafield>
  <datafield tag="700" ind1="1" ind2=" ">
    <subfield code="a">C&#xF3;rdoba &#xC1;lvarez, Melit&#xF3;n</subfield>
    <subfield code="e">suplente.</subfield>
    <subfield code="9">27815</subfield>
  </datafield>
  <datafield tag="856" ind1=" " ind2=" ">
    <subfield code="u">http://10.13.5.2/tesis/tl/181130-9_LARIOS_HUIDOBRO_MARIOALBERTO.pdf</subfield>
    <subfield code="z">DESCARGAR PDF</subfield>
  </datafield>
  <datafield tag="942" ind1=" " ind2=" ">
    <subfield code="2">Clasificaci&#xF3;n Universidad Aut&#xF3;noma Chapingo</subfield>
    <subfield code="c">TD</subfield>
  </datafield>
  <datafield tag="999" ind1=" " ind2=" ">
    <subfield code="c">220501</subfield>
    <subfield code="d">220501</subfield>
  </datafield>
  <datafield tag="952" ind1=" " ind2=" ">
    <subfield code="0">0</subfield>
    <subfield code="1">0</subfield>
    <subfield code="2">local</subfield>
    <subfield code="4">0</subfield>
    <subfield code="5">1</subfield>
    <subfield code="7">0</subfield>
    <subfield code="8">TesDigL</subfield>
    <subfield code="a">BD</subfield>
    <subfield code="b">BD</subfield>
    <subfield code="c">E_L</subfield>
    <subfield code="d">2025-02-27</subfield>
    <subfield code="l">0</subfield>
    <subfield code="o">Tesis digital</subfield>
    <subfield code="r">2025-02-27 12:31:38</subfield>
    <subfield code="w">2025-02-27</subfield>
    <subfield code="y">TD</subfield>
  </datafield>
</record>
